Представление документа в формате MARC21

Поле Инд. ПП Название Значение
Тип записи a
Библиографический уровень m
001 Контрольный номер 3d99976a-c6c7-46bc-9c4f-af2cabb2b529
005 Дата корректировки 20210922081027.8
040 a Служба первич. каталог. RuMoRKP
a Служба первич. каталог. НБ ТвГУ
041 00 a Код языка текста rus
080 00 a Индекс УДК 821.161.1.09
a Индекс УДК 929Грибоедов
084 a Индекс другой классификации/Индекс ББК Ш5(2=411.2)51-4Грибоедов А.С.
090 a Полочн. индекс 8Р1
x Авторский знак М 56
100 _0 a Автор Мещеряков Виктор Петрович
e Роль лиц Автор
245 10 a Заглавие А. С. Грибоедов
b Продолж. заглавия литературное окружение и восприятие (XIX - начало XX века)
c Ответственность В. П. Мещеряков ; ответственный редактор Ф. Я. Прийма ; АН СССР, Институт русской литературы (Пушкинский Дом)
246 _0 a Другая форма заглавия Грибоедов
260 a Место издания Ленинград
b Издательство Наука
c Дата издания 1983
300 a Объем 267 с.
c Размеры 21 см
504 a Библиография Библиогр. в примеч. в конце гл.
504 a Библиография Указ. имен., альманахов и период. изд.: с. 260-266
653 0_ a Ключевые слова 19 в.
a Ключевые слова Грибоедов Александр Сергеевич
a Ключевые слова Литература
a Ключевые слова Писатели
a Ключевые слова Русская литература 19 в.
a Ключевые слова Русские писатели
700 1_ a Другие авторы Прийма Федор Яковлевич
e Роль лиц ред.
710 12 a Организация/ юрисдикция Институт русской литературы (Пушкинский Дом) АН СССР
852 41 i Расстановочный признак Проверка 2021
901 t Тип документа m
920 a Оператор Лиси
a Оператор Суха
a Оператор Семен
930 a Новая/Ретро ретро
952 c Вид литературы К рн
954 a Дата поступления на обработку 20110726
e Дата перешифровки 20210922
954 a Дата поступления на обработку 20200526